100 Najpopularniejszych kpopowych grup w 2023r. - Statystyki

Ogólne statystyki
  • Ten quiz został rozwiązany 909 razy
  • Średni wynik to 35 z 100
Statystyki odpowiedzi
Hint Odpowiedź % Poprawnych
2 BTS
99%
5 BLACKPINK
98%
3 Stray Kids
92%
4 Twice
89%
16 Enhypen
83%
18 (G)I-DLE
83%
7 TXT
83%
9 NewJeans
80%
10 ITZY
79%
20 aespa
77%
17 EXO
75%
1 LE SSERAFIM
75%
54 IVE
73%
25 ATEEZ
72%
15 Seventeen
72%
12 Red Velvet
68%
13 Mamamoo
65%
14 BIGBANG
63%
99 NMIXX
62%
23 NCT 127
60%
11 NCT DREAM
60%
24 Girls' Generation/SNSD
57%
52 LOONA
54%
22 SHINee
52%
33 IZ*ONE
51%
81 kep1er/kepler
49%
19 MONSTA X
48%
28 2NE1
47%
94 BABYMONSTER
46%
27 NCT U
46%
50 Momoland
43%
6 Super Junior
43%
8 GOT7
41%
26 Everglow
40%
42 TREASURE
40%
64 P1Harmony
39%
91 ZEROBASEONE/ZB1
39%
29 ASTRO
37%
34 STAYC
37%
49 THE BOYZ
36%
100 FIFTY FIFTY
34%
53 WAYV
34%
48 Dreamcatcher
33%
59 fromis_9
33%
30 Wonder Girls
32%
38 KARD
31%
21 iKON
30%
62 2PM
29%
36 Gfriend
28%
32 Apink
27%
39 Day6
27%
35 Pentagon
27%
41 f(x)
26%
44 BTOB
24%
58 Oneus
24%
90 Xdinary Heroes
24%
68 AOA
23%
74 Cravity
23%
61 SF9
23%
79 CIX
22%
47 SuperM
22%
43 Winner
22%
51 i.o.i
20%
31 Wanna One
20%
89 xikers
20%
85 2AM
19%
65 Block B
19%
56 Oh My Girl
19%
88 Billlie
18%
46 CLC
17%
83 KARA
16%
67 Miss A
16%
37 SISTAR
16%
76 TVXQ
16%
40 EXID
15%
70 The Rose
15%
63 4Minute
14%
66 Nu'est
14%
73 Cherry Bullet
13%
87 WJSN
13%
82 BLACKSWAN
12%
57 VIXX
12%
60 Weeekly
12%
77 X1
12%
75 AB6IX
10%
95 MAVE:
10%
97 TRI.BE
10%
55 Weki Meki
10%
71 B.A.P
9%
78 Golden Child
9%
93 PIXY
9%
69 A.C.E
7%
45 INFINITE
7%
80 LIGHTSUM
7%
86 Shinhwa
6%
98 TEMPEST
6%
84 Victon
6%
92 E'Last
5%
72 PRISTIN
5%
96 TNX
4%
Nie znaleziono quizów pasujących do podanych kryteriów
Rozkład punktacji
Procent ludzi z każdym wynikiem
Percentyl według liczby udzielonych odpowiedzi
Twoja historia wyników
Nie rozwiązałeś tego quizu